000 00334nam a22001457a 4500
008 230912b ||||| |||| 00| 0 eng d
020 _a0716703491
041 _aeng
080 _a521
082 _a521BRA
100 _a19
101 _aASTRO
245 _aTHE NEW ASTRONOMY AND SPACE SCIENCE READER
_cBRANDT.C.J
942 _2udc
_cBK
999 _c60339
_d60339